| 000 | 00000nam##2200000za#4500 |
| 001 | 9.699497 |
| 003 | CaOODSP |
| 005 | 20210625000416 |
| 007 | cr ||||||||||| |
| 008 | 150407|1998||||xxc|||||o f|0| 0 eng|d |
| 040 | |aCaOODSP|beng |
| 043 | |an-cn--- |
| 086 | 1 |aR74-12/1998E-PDF |
| 110 | 1 |aCanada.|bIndian and Northern Affairs. |bWater Resources Division. |
| 245 | 10|aLiard River Environmental Quality Monitoring Program : |h[electronic resource]|bsummary report / |cby Barry R. Taylor, Juanetta Sanderson and Caroline Lafontaine. |
| 260 | |aYellowknife - Northwest Territories : |bIndian and Northern Affairs. |cMarch 1998. |
| 300 | |a60p.|bglossary, references, tables |
| 590 | |a15-02-Supp|b2015-02-16 |
| 690 | 07|aRivers|2gcpds |
| 690 | 07|aEnvironmental management|2gcpds |
| 775 | 08|tProgramme de surveillance de la qualité de l'environnement de la rivière Liard : |w(CaOODSP)9.643537 |
| 856 | 40|ahttp://publications.gc.ca|qPDF|s186 KB|uhttps://publications.gc.ca/collections/collection_2014/aadnc-aandc/R74-12-1998-eng.pdf |